30 Studi a corde doppie: progressivi dalla prima alla terza posizione per violino
Uloženo v:
| Hlavní autor: | |
|---|---|
| Médium: | Kniha |
| Jazyk: | italština |
| Vydáno: |
Milán
Ricordi
1950
|
| Edice: | E. R, 192
|
| Témata: | |
| Tagy: |
Přidat tag
Žádné tagy, Buďte první, kdo vytvoří štítek k tomuto záznamu!
|
MARC
| LEADER | 00000nam a2200000 a 4500 | ||
|---|---|---|---|
| 001 | UCN8739 | ||
| 003 | CL-VaPUC | ||
| 008 | 011116e19500000IT |||||||||||||||||ita|d | ||
| 082 | 0 | 4 | |a 787.2193 |b POL |2 21 |
| 100 | 0 | |a Polo, Enrico |e author |9 465169 | |
| 245 | 1 | 0 | |a 30 Studi a corde doppie: progressivi dalla prima alla terza posizione per violino |
| 300 | |a 27 p | ||
| 942 | |c BK | ||
| 945 | |d 20011116 00:00:00 |a lriquelm | ||
| 260 | |a Milán |b Ricordi |c 1950 | ||
| 650 | 0 | |a Violín |x Estudio e instrucción |9 462623 | |
| 650 | 0 | |a Violín |x Estudio y ejercicios |9 462626 | |
| 650 | 0 | |a Violín |x Repertorio |9 462649 | |
| 650 | 0 | |a Violín |x Técnicas de ejecución |9 462624 | |
| 650 | 0 | |a Violín |x Interpretación |9 462625 | |
| 583 | |a last modification |c 20011116 00:00:00 |k Rodrigo Vera | ||
| 490 | 0 | |a E. R, 192 | |
| 999 | |c 298494 |d 298492 | ||
| 952 | |0 0 |1 0 |4 0 |6 787_219300000000000_POL_1950 |7 0 |8 F |9 354104 |a BIBEDU |b BIBEDU |d 2019-11-21 |i 1179128 |o 787.2193 POL 1950 |p 1179128 |r 2022-03-17 |w 2019-11-21 |y BK_F |k MUS | ||